Adakah Jesus Tuhan?
| Main Author: | |
|---|---|
| Format: | Book |
| Published: |
Selangor :
Pustaka Ilmi ,
2000
|
| Subjects: |
MARC
| LEADER | 00000cam a2200000 7i4500 | ||
|---|---|---|---|
| 001 | 0000099692 | ||
| 005 | 20121108.0 | ||
| 008 | 100526 bm | ||
| 020 | |a 9830982793 | ||
| 090 | 0 | 0 | |a 297.283 SAD |
| 100 | 1 | |a Syeikh Ahmad Deedat | |
| 245 | 1 | 0 | |a Adakah Jesus Tuhan? |c Syeikh Ahmad Deedat |
| 260 | |a Selangor : |b Pustaka Ilmi , |c 2000 | ||
| 300 | |a iii,99p. ; |c 20cm. | ||
| 650 | 0 | 0 | |a Jesus,Christ |x Religious |
| 999 | |a 0000151130 |b Buku |c Rak Terbuka |e Perbadanan Perpustakaan Awam Melaka | ||